[Event "IBCA EU-ch blind"]
[Site "Ploiesti"]
[Date "2024.06.17"]
[Round "2"]
[White "Gerasimovic, Stanislav"]
[Black "Berginas, Sigitas"]
[Result "1/2-1/2"]
[WhiteElo "1829"]
[BlackElo "1722"]
[PlyCount "23"]
[EventDate "2024.06.16"]
[EventType "swiss"]
[EventRounds "9"]
[EventCountry "ROU"]
[SourceTitle "CB26_2024"]
[SourceDate "2024.06.26"]
[SourceVersion "1"]
[SourceVersionDate "2024.06.26"]
[SourceQuality "1"]

1. d4 Nf6 2. Nc3 d5 3. e4 Nxe4 4. Nxe4 dxe4 5. f3 e6 6. Bf4 c5 7. c3 cxd4 8. fxe4 Nc6 9. Nf3 Bc5 10. Bb5 Qb6 11. Bxc6+ Qxc6 12. Qd3 1/2-1/2

[Event "LTU-ch sf"]
[Site "Kaunas"]
[Date "2021.09.29"]
[Round "8"]
[White "Berginas, Sigitas"]
[Black "Zalimas, Ugnius"]
[Result "1-0"]
[WhiteElo "1380"]
[BlackElo "1324"]
[PlyCount "119"]
[EventDate "2021.09.24"]
[EventType "swiss"]
[EventRounds "8"]
[EventCountry "LTU"]
[SourceTitle "EXT 2023"]
[Source "ChessBase"]
[SourceDate "2022.10.05"]
[SourceVersion "1"]
[SourceVersionDate "2022.10.05"]
[SourceQuality "1"]

1. d4 Nf6 2. Nf3 g6 3. g3 Bg7 4. Bg2 0-0 5. 0-0 d6 6. Re1 Nbd7 7. c3 Qe8 8. Qc2 Rb8 9. Bg5 b6 10. Bxf6 Nxf6 11. Nbd2 Bb7 12. e4 e5 13. dxe5 dxe5 14. Rad1 Rd8 15. Re2 Ba6 16. c4 c5 17. a4 Qe7 18. b3 Nd7 19. Nb1 Nb8 20. Nc3 Bb7 21. Nd5 Bxd5 22. exd5 f5 23. Rde1 e4 24. Nd2 Na6 25. f4 Nb4 26. Qd1 Nd3 27. Bxe4 Bd4+ 28. Kf1 fxe4 29. Rxe4 Qf6 30. R1e2 Qg5 31. Nf3 Qf5 32. Nxd4 cxd4 33. Qxd3 Rde8 34. Qxd4 Rxe4 35. Qxe4 Qh3+ 36. Kg1 Kg7 37. Qe6 Rf5 38. Re5 Qg4 39. Rxf5 Qd1+ 40. Kf2 gxf5 41. Qe7+ Kg6 42. Qg5+ Kf7 43. Qxf5+ Kg8 44. Qe6+ Kf8 45. f5 Qc2+ 46. Kg1 Qxb3 47. f6 Qb1+ 48. Kg2 Qb4 49. Qe7+ Qxe7 50. fxe7+ Kxe7 51. g4 Kd6 52. h4 a6 53. g5 b5 54. cxb5 a5 55. h5 Kxd5 56. g6 hxg6 57. h6 Kc4 58. h7 Kb4 59. h8Q Kxa4 60. b6 1-0

[Event "Panevezys op-C"]
[Site "Panevezys"]
[Date "2017.07.07"]
[Round "4"]
[White "Rackauskas, Karolis"]
[Black "Berginas, Sigitas"]
[Result "1-0"]
[WhiteElo "1462"]
[BlackElo "1506"]
[PlyCount "40"]
[EventDate "2017.07.06"]
[EventType "swiss"]
[EventRounds "9"]
[EventCountry "LTU"]
[SourceTitle "EXT 2018"]
[Source "ChessBase"]
[SourceDate "2017.10.13"]
[SourceVersion "1"]
[SourceVersionDate "2017.10.13"]
[SourceQuality "1"]

1. e4 d6 2. d4 e5 3. dxe5 dxe5 4. Qxd8+ Kxd8 5. Bc4 c6 6. Nc3 f6 7. Be3 Bb4 8. 0-0-0+ Kc7 9. Nge2 Bg4 10. f3 Bh5 11. a3 Bxc3 12. Nxc3 Nd7 13. Rd2 b6 14. Rhd1 Rd8 15. Be6 Be8 16. b4 Ne7 17. b5 c5 18. Nd5+ Nxd5 19. Bxd5 h5 20. h4 g6 1-0

[Event "LTU-chT"]
[Site "Lithuania"]
[Date "2017.01.29"]
[Round "2.6"]
[White "Berginas, Sigitas"]
[Black "Domanaitis, Danas"]
[Result "0-1"]
[WhiteElo "1586"]
[BlackElo "1578"]
[PlyCount "76"]
[EventDate "2017.01.28"]
[EventType "team-swiss"]
[EventRounds "7"]
[EventCountry "LTU"]
[SourceTitle "CBM 176 Extra"]
[Source "ChessBase"]
[SourceDate "2017.03.02"]
[SourceVersion "1"]
[SourceVersionDate "2017.03.02"]
[SourceQuality "1"]
[WhiteTeam "LASF"]
[BlackTeam "Kaunas LSM"]
[WhiteTeamCountry "LTU"]
[BlackTeamCountry "LTU"]

1. d4 d5 2. Nf3 e6 3. Bf4 c5 4. c3 Nc6 5. e3 Nf6 6. Bb5 Bd7 7. 0-0 Be7 8. h3 0-0 9. Bxc6 Bxc6 10. a4 b6 11. Nbd2 Rc8 12. Ne5 Bb7 13. Re1 Nd7 14. Ng4 Re8 15. Ne5 Nxe5 16. Bxe5 f6 17. Bg3 Bd6 18. Bxd6 Qxd6 19. Nf3 e5 20. Qb3 cxd4 21. exd4 e4 22. Nd2 Qf4 23. Re3 f5 24. Rae1 h6 25. f3 Kh7 26. fxe4 fxe4 27. Nf3 exf3 28. Qc2+ Re4 29. Rxf3 Qd6 30. Ref1 Ba6 31. Re1 Qg6 32. Qf2 Rce8 33. Rxe4 dxe4 34. Re3 Bd3 35. Rg3 Qe6 36. Qe3 Rf8 37. Kh2 Rf6 38. h4 Qd6 0-1

[Event "Panevezys op-B"]
[Site "Panevezys"]
[Date "2016.06.12"]
[Round "7"]
[White "Berginas, Sigitas"]
[Black "Gedmintas, Darius"]
[Result "0-1"]
[WhiteElo "1632"]
[BlackElo "1681"]
[PlyCount "82"]
[EventDate "2016.06.09"]
[EventType "swiss"]
[EventRounds "7"]
[EventCountry "LTU"]
[SourceTitle "CBM 172 Extra"]
[Source "ChessBase"]
[SourceDate "2016.06.21"]
[SourceVersion "1"]
[SourceVersionDate "2016.06.21"]
[SourceQuality "1"]

1. d4 Nf6 2. Nf3 g6 3. c4 Bg7 4. Nc3 d5 5. e3 Bg4 6. Be2 e6 7. 0-0 Nbd7 8. Bd2 0-0 9. Rc1 c5 10. dxc5 Nxc5 11. cxd5 Nxd5 12. Nxd5 Qxd5 13. Bc3 Qxd1 14. Rfxd1 Rac8 15. Bb4 b6 16. Nd4 Bxe2 17. Nxe2 Bxb2 18. Rc2 Bf6 19. Rdc1 Be7 20. Nd4 a5 21. Ba3 Rfd8 22. g3 Rc7 23. Nb3 Rdc8 24. Nxc5 Bxc5 25. Bxc5 Rxc5 26. Rxc5 Rxc5 27. Rxc5 bxc5 28. Kf1 Kf8 29. Ke2 Ke7 30. Kd3 Kd6 31. Kc4 Kc6 32. a4 f6 33. e4 g5 34. f4 g4 35. Kc3 f5 36. Kd3 h6 37. Ke3 h5 38. Kd3 fxe4+ 39. Kxe4 Kd6 40. Ke3 Kd5 41. Kd3 c4+ 0-1

[Event "Panevezys op-B"]
[Site "Panevezys"]
[Date "2016.06.10"]
[Round "2"]
[White "Strods, Kristaps Reinis"]
[Black "Berginas, Sigitas"]
[Result "1-0"]
[WhiteElo "1462"]
[BlackElo "1632"]
[PlyCount "47"]
[EventDate "2016.06.09"]
[EventType "swiss"]
[EventRounds "7"]
[EventCountry "LTU"]
[SourceTitle "CBM 172 Extra"]
[Source "ChessBase"]
[SourceDate "2016.06.21"]
[SourceVersion "1"]
[SourceVersionDate "2016.06.21"]
[SourceQuality "1"]

1. e4 e6 2. d4 d5 3. Nc3 Bb4 4. e5 c5 5. Bd2 cxd4 6. Nb5 Be7 7. Nxd4 Nc6 8. Nxc6 bxc6 9. Nf3 Qb6 10. b3 Ba6 11. Be2 Bxe2 12. Qxe2 c5 13. 0-0 Bd8 14. a4 Ne7 15. Rfb1 Nc6 16. a5 Qb7 17. Ra4 Be7 18. Rg4 g6 19. Ra4 a6 20. Qe1 Qd7 21. Raa1 Rb8 22. Qe2 Qa7 23. Ra4 0-0 24. c3 1-0

[Event "LTU-ch Blind and Visually Impaired"]
[Site "Vilnius"]
[Date "2016.04.23"]
[Round "6.2"]
[White "Savin, Jevgenij"]
[Black "Berginas, Sigitas"]
[Result "1-0"]
[WhiteElo "1677"]
[BlackElo "1645"]
[PlyCount "37"]
[EventDate "2016.04.20"]
[EventType "tourn"]
[EventRounds "7"]
[EventCountry "LTU"]
[SourceTitle "EXT 2024"]
[Source "ChessBase"]
[SourceDate "2023.10.10"]
[SourceVersion "1"]
[SourceVersionDate "2023.10.10"]
[SourceQuality "1"]

1. e4 e6 2. d4 d5 3. Nd2 dxe4 4. Nxe4 Nf6 5. Bd3 Nbd7 6. c3 Be7 7. Nf3 Nxe4 8. Bxe4 Nf6 9. Bc2 b6 10. 0-0 Bb7 11. Ba4+ c6 12. Ne5 Rc8 13. Qf3 Qd5 14. Qh3 0-0 15. Bb3 Qd8 16. Re1 Nd7 17. Nxf7 Rxf7 18. Qxe6 Qe8 19. Qxe7 1-0

[Event "Panevezys op-B 28th"]
[Site "Panevezys"]
[Date "2015.08.19"]
[Round "4"]
[White "Kirdeikis, Algimantas"]
[Black "Berginas, Sigitas"]
[Result "1/2-1/2"]
[WhiteElo "1427"]
[BlackElo "1660"]
[PlyCount "39"]
[EventDate "2015.08.17"]
[EventType "swiss"]
[EventRounds "9"]
[EventCountry "LTU"]
[SourceTitle "EXT 2016"]
[Source "ChessBase"]
[SourceDate "2015.10.08"]
[SourceVersion "1"]
[SourceVersionDate "2015.10.08"]
[SourceQuality "1"]

1. e4 e6 2. Nf3 d5 3. exd5 exd5 4. d4 Nf6 5. Nc3 c6 6. a3 Bg4 7. Be2 Bd6 8. h3 Bxf3 9. Bxf3 Nbd7 10. Bg5 Qc7 11. Bxf6 Nxf6 12. Qe2+ Qe7 13. 0-0 Qxe2 14. Nxe2 Kd7 15. Rac1 Rhe8 16. c4 dxc4 17. Rxc4 Rad8 18. Rd1 Kc7 19. Kf1 Rd7 20. Rc2 1/2-1/2

[Event "Panevezys op-B 26th"]
[Site "Panevezys"]
[Date "2013.08.16"]
[Round "6"]
[White "Bisigirskas, Paulius"]
[Black "Berginas, Sigitas"]
[Result "1/2-1/2"]
[WhiteElo "1614"]
[BlackElo "1635"]
[PlyCount "121"]
[EventDate "2013.08.12"]
[EventType "swiss"]
[EventRounds "8"]
[EventCountry "LTU"]
[SourceTitle "CBM 155 Extra"]
[Source "ChessBase"]
[SourceDate "2013.08.26"]
[SourceVersion "1"]
[SourceVersionDate "2013.08.26"]
[SourceQuality "1"]

1. e4 e6 2. d4 d5 3. Nd2 dxe4 4. Nxe4 Nd7 5. Nf3 Ngf6 6. Bd3 Nxe4 7. Bxe4 Nf6 8. Bd3 Be7 9. 0-0 0-0 10. c3 b6 11. Bf4 Bb7 12. Re1 c5 13. dxc5 Bxc5 14. Qe2 Qd5 15. Red1 Qh5 16. Ne5 Qxe2 17. Bxe2 Rad8 18. Nd3 Be7 19. Kf1 Rd7 20. Ne5 Rxd1+ 21. Rxd1 Rd8 22. Rxd8+ Bxd8 23. Nf3 a6 24. Ke1 b5 25. g3 Nd5 26. Bd6 Be7 27. Bxe7 Nxe7 28. Ne5 Bc8 29. Bf3 f6 30. Nd3 e5 31. Nc5 Kf7 32. Kd2 f5 33. Ke3 g5 34. Bg2 Kf6 35. Kd3 h6 36. c4 e4+ 37. Kc3 bxc4 38. Kxc4 Nc6 39. Bf1 Ke5 40. b4 Kd6 41. a4 Ne5+ 42. Kc3 a5 43. Nb3 axb4+ 44. Kxb4 Nc6+ 45. Kb5 Kc7 46. a5 Na7+ 47. Kc5 Nc6 48. Bb5 Ne5 49. Nd4 Ng4 50. f3 Nxh2 51. fxe4 fxe4 52. Ne2 h5 53. Kd4 Bb7 54. Be8 h4 55. gxh4 gxh4 56. Bg6 Nf1 57. Ng1 e3 58. Bd3 Bg2 59. Bxf1 Bxf1 60. Kxe3 Bb5 61. Kf4 1/2-1/2